Star Trek TOS - Sudden Death! - Statistics

General Stats
  • This quiz has been taken 45 times
  • The average score is 10 of 15
Answers on the Grid
Answers color-coded by a green-red scale on the quiz's grid according to % correct below.
In the Pale Moonlight
Trials and Tribble-ations
The Naked Time
The Naked Now
The Trouble with Tribbles
The Enemy Within
The Wire
For the Uniform
Spock's Brain
By Any Other Name
I, Mudd
The Best of Both Worlds
What Are Little Girls Made Of?
Turnabout Intruder
Doctor Bashir, I Presume?
Year of Hell
Living Witness
Nothing Human
Metamorphosis
Obsession
Wolf in the Fold
For the World is Hollow and I Have Touched the Sky
Carbon Creek
Magic to Make the Sanest Man Go Mad
Subspace Rhapsody
Space Seed
Ad Astra per Aspera
Lower Decks
A Taste of Armageddon
The City on the Edge of Forever
 
Answer Stats
Answer % Correct
The Trouble with Tribbles
84%
I, Mudd
81%
Space Seed
78%
Spock's Brain
78%
The Naked Time
78%
The Enemy Within
75%
What Are Little Girls Made Of?
75%
The City on the Edge of Forever
72%
For the World is Hollow and I Have Touched the Sky
63%
Wolf in the Fold
59%
Turnabout Intruder
56%
A Taste of Armageddon
53%
By Any Other Name
53%
Metamorphosis
50%
Obsession
47%
No matching quizzes found
Score Distribution
Percent of People with Each Score
Percentile by Number Answered
Your Score History
You have not taken this quiz